Foods With Countries in Their Name - Statistics

General Stats
  • This quiz has been taken 776 times
    759 since last reset
  • The average score is 11 of 20
Answer Stats
Country % Correct
{Belgian} Waffles
88%
{French} Toast
88%
{Italian} Ice
78%
{Italian} Sub
78%
{Swiss} Cheese
78%
{Greek} Yogurt
75%
{Turkish} Delight
73%
{Canadian} Bacon
71%
{German} Chocolate Cake
70%
{Swedish} Meatballs
60%
{Swedish} Turnip
60%
{Spanish} Rice
56%
{Jamaican} Jerk Chicken
54%
{Dutch} Apple Cake
36%
{Danish}
28%
{Turkey}
28%
{Chile}
13%
{Mongolian} Beef
11%
{Peruvian} Chicken
8%
{Lebanon} Bologna
2%
No matching quizzes found
Score Distribution
Percent of People with Each Score
Percentile by Number Answered
Your Score History
You have not taken this quiz since the last reset